000 00589nam a22001811i 4500
001 2241
090 _a2241
100 _a20170304u u u0frey50 ba
101 0 _apor
200 1 _aOs 10 grandes do inconsciente
215 _a255, [1] p.
_cil.
_d22 cm
702 1 _aFranco
_bG. Cascais
_4730
210 _cVerbo
_aLisboa
_d1979
225 2 _aPsicologia moderna
410 0 _tPsicologia moderna
996 _f0002418
_kPSI
_m00000000
_n00000000
_aBMVA
_b1
_vAlcáçovas
_xPsicologia
_y25
_eLivro
_10
_31
996 _f0022697
_kFRA
_m00000000
_n00000000
_aBMVAAG
_b4
_vAguiar
_xPsicologia
_y25
_eLivro
_10
_31
990 _cLIVROS